000
00302nam a22001337a 4500
008
170301b xxu||||| |||| 00| 0 eng d
020
_a
0721625061
041
_a
eng
080
_2
3RD
_a
617
100
_a
5
101
_a
SHK
245
_a
SURGERY OF THE ALIMENTARY TRACT
_c
RITCHIE, W.P
942
_2
udc
_c
BK
999
_c
6477
_d
6477